000 01144cam a22002653a 4500
001 3371
003 FISKH
005 20240229140705.0
008 120406s1888 xxu 000 0 eng
010 _a 2012657926
020 _a9781847497987
040 _aDLC
_cDLC
_beng
050 _aPR4558
082 _a823.8
100 _aDickens, Charles
245 0 0 _aDavid Copperfield /
_cCharles Dickens
250 _aThis edition 2019
260 _cUnited Kingdom :
_aAlma Book,
_b1850.
300 _a888 pages :
_c20 cm
520 _aDavid Copperfield is considered to be Charles Dickens's most autobiographical novel. He said of it: "Like many fond parents, I have in my heart of hearts a favourite child. And his name is David Copperfield." It is a Bildungsroman, a tale which follows the development into maturity of its narrator, David Copperfield. The Russian greats Tolstoy and Dostoyevsky both greatly admired the novel, as did Kafka, Joyce and James. Freud called it his favourite novel.
650 _aBritish literature
_vFiction
906 _a7
_bcbc
_corignew
_d2
_encip
_f20
_gy-genrareb
942 _2ddc
_cBK
_n0
999 _c3371
_d3371